000 00217nam a22000857a 4500
008 160820b xxu||||| |||| 00| 0 eng d
100 _9185
_aJai
245 _aHindi Story Book
260 _aNew Delhi
_bChildren Book Trust
_c2009
999 _c2843
_d2843